00607nam a2200181 a 450000100060000000300090000600800410001502000150005604000280007108200180009910000240011724500910014126000400023230000130027265000320028565000550031765000530037211284CO-ViMGA141112s2004 ck r 000 u spa d a8420698393 aCO-ViMGAbspacCO-ViMGA04a868.9983 A57b1 aOviedo, jose miguel10aAntologia critica del cuento hispanoAméricano del siglo xx, fundadores e innovadores aMadrid, calianza editorial, c1992 aT.1, T.214aAUTORES HISPANOAméricaNOS14aCUENTOS HISPANOAméricaNOS - COLECCIONES SIGLO XX14aCUENTOS HISPANOAméricaNOS - HISTORIA Y CRITICA